Environmental Tradition : Studies In The Architecture Of Environment (Record no. 15340)

MARC details
000 -LEADER
fixed length control field 00446nam a2200157Ia 4500
008 - FIXED-LENGTH DATA ELEMENTS--GENERAL INFORMATION
fixed length control field 220803s9999 xx 000 0 und d
020 ## - INTERNATIONAL STANDARD BOOK NUMBER
International Standard Book Number 0-419-19900-4
041 ## - LANGUAGE CODE
Language code of text/sound track or separate title eng
082 ## - DEWEY DECIMAL CLASSIFICATION NUMBER
Classification number 720.47 HAW
100 ## - MAIN ENTRY--PERSONAL NAME
Personal name Hawkes D.
9 (RLIN) 24236
245 ## - TITLE STATEMENT
Title Environmental Tradition : Studies In The Architecture Of Environment
260 ## - PUBLICATION, DISTRIBUTION, ETC. (IMPRINT)
Place of publication, distribution, etc. London
Name of publisher, distributor, etc. E And FN Spon
Date of publication, distribution, etc. 1996
300 ## - PHYSICAL DESCRIPTION
Extent 212p
500 ## - GENERAL NOTE
Keywords Environment
650 ## - SUBJECT ADDED ENTRY--TOPICAL TERM
Topical term or geographic name as entry element Environmental Architecture
9 (RLIN) 24237
Holdings
Withdrawn status Lost status Damaged status Not for loan Collection code Home library Current library Shelving location Date acquired Vendor Cost, normal purchase price Full call number Barcode Date last seen Cost, replacement price Bill Date Koha item type Original Barcode
      Reference Book of M Arch EA Dr. Bhanuben Nanavati College of Architecture Dr. Bhanuben Nanavati College of Architecture   02/01/2014 Flipkart.com 7475.00 720.47 HAW BNCA-BK-8663 03/08/2022 7475.00 25/12/2013 Reference book B008663